000 01150nam a2200277 a 4500
001 BRCA_8530
005 20190320210325.0
008 100816s1647----mx-#######---#000-0#spa-#
041 _aspa
044 _amx
050 4 _aF1326
_b.A316
_c1647?
245 1 0 _aAl rey nvestro señor, por la provincia de la compañia de Iesvs de la Nueva España.
260 _aMéxico
_b[s.e]
_c1647?
300 _a278 p.
_c20 cm
500 _aFondo antiguo
500 _aSe encuentra en Caja Fuerte
500 _aD00017
500 _aEn portada: En satisfacción de vn libro de el visitador obispo D. Juan de Palafox y Mendoza. Publicado en nombre de el dean y cabildo de sv iglesia catedral de la puebla de los angeles
500 _aCon Ex-libris de: Franz Mayer
500 _aEstado físico: Ejemplar que carece de encuadernación, p. 7 rota de la parte superior derecha, algunas páginas se encuentran manchadas
500 _aConservado en caja blanca de papel
506 0 _aFondo reservado: para su consulta es necesario credencial de usuario y carta de motivos
650 1 4 _aJesuitas
_ySiglo XVII
_zPuebla
_921396
902 _aLAR
942 _2lcc
_cB
999 _c8196
_d8196